00754 a2200205 4500003000500000005001700005040000900022082001200031100002900043245007100072260003200143300001500175505017100190538002900361650001400390651001200404942000800416999001900424952010500443Nust20170207153219.0 cNust a621.382 aSohail, Ahmed (MSEE-10) aAdaptive orthogonal frequency division multiplexingcAhmed Sohail  bMCS, NUSTc2007aRawalpindi aix, 57,p.; aIntroduction (page-1) Adaptive OFDM (page-5) Radio channel (page-15) Channel simulations (page-25) Adaptive bit allocation (page-31) Results and discussion (page-38). aAlmirah No 69 Shelf No 2 aMS Thesis aMSEE-10 cTHS c181705d181705 00102ddc40708NFICaMCSbMCSd2016-12-12l0o621.382 SOHpMCSTEE-49r2016-12-08w2016-12-12yBK